Slogans d'hommes politiques français - Click Quiz - Statistiques

Statistiques générales
  • Ce quiz a été pris 551 fois
  • Le résultat moyen est 7 sur 20
Statistiques - réponses
Hint Réponse % Correct
La France en marche En marche la France ! Emmanuel Macron
80%
L'écologie, la solution
L'écologie, le vrai changement
Eva Joly
69%
Debout la France ! Nicolas Dupont-Aignan
66%
Le candidat du Frexit
Un choix historique
François Asselineau
64%
Le changement c'est maintenant François Hollande
61%
Impossible n'est pas français
Pour que la France reste la France
Eric Zemmour
50%
Nos vies valent plus que leurs profits Olivier Besancenot
44%
La force tranquille François Mitterrand
38%
L'avenir en commun
Je vote, ils dégagent
La force du peuple
Jean-Luc Mélenchon
33%
La France authentique Jean Lassalle
30%
Place au peuple Prenez le pouvoir Jean-Luc Mélenchon
27%
L'identité heureuse Alain Juppé
17%
Ensemble tout devient possible Nicolas Sarkozy
17%
J'ai sept ans, laissez-moi grandir Charles de Gaulle
11%
La France en grand, la France ensemble Jacques Chirac
11%
Croire en la France Edouard Balladur
9%
La France pour tous Jacques Chirac
9%
Il faut un président à la France Valery Giscard d'Estaing
8%
Un président jeune pour une France modene François Mitterrand
5%
La paix et la sécurité Valery Giscard d'Estaing
3%
Aucun quiz correspondant
Distribution des résultats
% des personnes avec chaque résultat
Percentile par nombre de réponses
Votre historique - résultats
Vous n’avez pas pris ce quiz